Karamojo safari / (Record no. 13190)
[ view plain ]
| 000 -LEADER | |
|---|---|
| fixed length control field | 00635nam a22002052 4500 |
| 001 - CONTROL NUMBER | |
| control field | 0000009597 |
| 005 - DATE AND TIME OF LATEST TRANSACTION | |
| control field | 20151217155840.0 |
| 008 - FIXED-LENGTH DATA ELEMENTS--GENERAL INFORMATION | |
| fixed length control field | 081112s xx 000 0 eng d |
| 040 ## - CATALOGING SOURCE | |
| Original cataloging agency | KABU |
| Transcribing agency | KABU |
| 100 1# - MAIN ENTRY--PERSONAL NAME | |
| Personal name | Bell, W. D. M. |
| -- | 0000155606 |
| 245 10 - TITLE STATEMENT | |
| Title | Karamojo safari / |
| Statement of responsibility, etc. | W. D. M. Bell. |
| 250 ## - EDITION STATEMENT | |
| Edition statement | 1st ed. |
| 260 ## - PUBLICATION, DISTRIBUTION, ETC. (IMPRINT) | |
| Place of publication, distribution, etc. | London : |
| Name of publisher, distributor, etc. | Victor Gollancz, |
| Date of publication, distribution, etc. | 1949. |
| 300 ## - PHYSICAL DESCRIPTION | |
| Extent | 288 p. |
| 650 #0 - SUBJECT ADDED ENTRY--TOPICAL TERM | |
| Topical term or geographic name as entry element | Hunting |
| Geographic subdivision | Uganda |
| -- | Karamoja Province. |
| -- | 0000161317 |
| 651 #0 - SUBJECT ADDED ENTRY--GEOGRAPHIC NAME | |
| Geographic name | Karamoja Province (Uganda) |
| General subdivision | Description and travel. |
| -- | 0000161318 |
| 852 1# - LOCATION | |
| -- | p500 KES |
| 908 ## - PUT COMMAND PARAMETER (RLIN) | |
| Put command parameter | 081112 |
| 950 ## - LOCAL HOLDINGS (RLIN) | |
| -- | 1 |
| Withdrawn status | Lost status | Source of classification or shelving scheme | Not for loan | Home library | Current library | Date acquired | Total Checkouts | Full call number | Barcode | Date last seen | Price effective from | Koha item type |
|---|---|---|---|---|---|---|---|---|---|---|---|---|
| Library of Congress Classification | Kabarak, Main Campus | Kabarak, Main Campus | 17/12/2015 | SK255 .K3B45 c. 1 | 15422 | 17/12/2015 | 17/12/2015 | Africana Collection |